000 00233nam a2200121Ia 4500
100 _a#N/A
650 _aComputer/ IT
942 _cBK
654 _ainternetworking
245 _aAdvanced TCP/IP
260 _b#N/A
546 _aENGLISH
999 _c28642
_d28642